000 00643nam a2200193 i 4500
001 20981
003 ES-MaACL
005 20230906152409.0
007 t|
008 021120s1958 sp ||||1| spa d
080 _a929 Amigó y Ferrer, Luis
100 1 _aAlarcón Capilla, Antonio.
_919137
245 1 3 _aLa santidad escondida
_b: vida, obra y espíritu del siervo de Dios Fray Luis Amigó Ferrer, Obispo y Fundador /
_cAntonio Alarcón Capilla.
260 _aValencia :
_bAmigó,
_c1958.
300 _a282 p., 4 lám. ;
_c21 cm.
600 1 4 _aAmigó y Ferrer, Luis.
_9140581
852 4 _aES-MaACL
_jC-14717
852 _aES-MaACL
_jC-16636
999 _c20981
_d20981